| 000 | 00438nam a2200157Ia 4500 | ||
|---|---|---|---|
| 008 | 210423s2007 xx 000 0 und d | ||
| 020 | _a9781412918862 | ||
| 041 | _aeng | ||
| 082 | _a659.1 TELG | ||
| 100 | _aTELLIS (Gerald J);AMBLER (Tim),Ed. | ||
| 245 | _aSage handbook of advertising. | ||
| 260 |
_aLos Angeles _bSage Publications _c2007 |
||
| 300 |
_axvi,491 _bHB |
||
| 365 |
_b6813 _cINR |
||
| 906 | _aadvertising. ; handbook ; Sage | ||
| 999 |
_c158942 _d158942 |
||